| 000 | 00705nam a22002177a 4500 | ||
|---|---|---|---|
| 003 | DO-CoUTE | ||
| 005 | 20260429143729.0 | ||
| 008 | 260429b dr ||||| |||| 00| 0 spa d | ||
| 020 | _a1-59388-054-5 | ||
| 040 |
_aDO-CoUTE _bspa _cDO-CoUTE |
||
| 082 | _a863.44Z22P | ||
| 100 | 1 |
_aZaldivar, Gladys _eAutor |
|
| 245 | 1 | 0 |
_aDe la Trova Provenzal al Barroco hispanico : _bLa poesía de Gladys Zaldivar / _cGladys Zaldivar, Luis A. Jiménez |
| 260 |
_aMiami ; _bUniversal _c2005 |
||
| 300 |
_a253 Paginas ; _c23cm, |
||
| 504 | _a Incluye referencia bibliográfica e índice. | ||
| 650 | 4 | _aPoesia | |
| 700 | 1 |
_aGladys Zladivar _eAutor |
|
| 700 | 1 |
_aLuis A. Jiménez _eAutor |
|
| 942 |
_2ddc _cBK |
||
| 999 |
_c24152 _d24152 |
||